Functional morphology of the neck organ in artemia salina nauplii
Đã lưu trong:
| Tác giả chính: | |
|---|---|
| Định dạng: | Sách |
| Ngôn ngữ: | Undetermined |
| Được phát hành: |
New York
The Wistar Institute Press
1975
|
| Những chủ đề: | |
| Các nhãn: |
Thêm thẻ
Không có thẻ, Là người đầu tiên thẻ bản ghi này!
|
| Thư viện lưu trữ: | Trung tâm Học liệu Trường Đại học Cần Thơ |
|---|
| LEADER | 00555nam a2200193Ia 4500 | ||
|---|---|---|---|
| 001 | CTU_149972 | ||
| 008 | 210402s9999 xx 000 0 und d | ||
| 082 | |a 595.32 | ||
| 082 | |b H776 | ||
| 100 | |a Hootman, Seth R. | ||
| 245 | 0 | |a Functional morphology of the neck organ in artemia salina nauplii | |
| 245 | 0 | |c Seth R. Hootman and Frank P. Conte | |
| 260 | |a New York | ||
| 260 | |b The Wistar Institute Press | ||
| 260 | |c 1975 | ||
| 650 | |a Artemia | ||
| 650 | |x Research | ||
| 904 | |i Năm | ||
| 980 | |a Trung tâm Học liệu Trường Đại học Cần Thơ | ||